| 000 | 01321cam a2200277 i 4500 | ||
|---|---|---|---|
| 003 | SA-RiAUC | ||
| 005 | 20250801144533.0 | ||
| 008 | 250731s1997 su g 00000cara c | ||
| 040 |
_aSA-RiKSU _bara _cSA-RiAUC _erda |
||
| 082 | 0 | 4 | _a234 |
| 090 |
_a234 _b ا ب و د |
||
| 100 | 1 |
_aأبو داود، سليمان بن الأشعث بن إسحاق، _d202-275 هجري _eمؤلف. |
|
| 245 | 1 | 0 |
_aسؤالات أبي عبيد الأجري أبا داود السجستاني في معرفة الرجال وجرحهم وتعديلهم / _cتحقيق عبد العليم عبد العظيم البستوي. |
| 250 | _aالطبعة الأولى. | ||
| 264 | 1 |
_aمكة المكرمة : _aبيروت : _bمكتبة دار الاستقامة ؛ _bمؤسسة الريان، _c1997 |
|
| 300 |
_a2 مجلد ؛ _c24 سم |
||
| 336 |
_aنص _btxt _2rdacontent _3كتاب |
||
| 337 |
_aبدون وسيط _bn _2rdamedia |
||
| 338 |
_aمجلد _bnc _2rdacarrier |
||
| 650 | 7 |
_aالحديث _xالجرح والتعديل _2aucsh |
|
| 650 | 7 |
_aالحديث _xتراجم الرواة _2aucsh |
|
| 700 | 1 |
_aالآجري، محمد بن علي، _dتوفي قرن 3 هجري _eمؤلف. |
|
| 700 | 1 |
_aالبستوي، عبد العليم عبد العظيم _eمحقق. |
|
| 942 |
_2ddc _cBOOK _n0 |
||
| 949 |
_aSA-JeALM _d250731 _uosman123 _n1 |
||
| 999 |
_c10426 _d10426 |
||